00782nam a22001817a 4500003000900000008004100009020001800050040007100068082002000139110002100159245003600180260003500216300005400251505023300305650002200538700002200560700001800582AR-CdUCM190411b ||||| |||| 00| 0 spa d a9786124759208 aMUNICIPALIDAD PROVINCIAL DEL CUSCOcBIBLIOTECA MUNICIPAL DEL CUSCO aEP/501/C52bC52 aCrees Foundation aAbun, un encuentro inesperado / aCusco ;bDann'ys Graff,c2017. a60 Páginas. :bilustraciones en color ;c20 cm. aAbun es una niña con gran curiosidad por el bosque. A través de una gran aventura, llega a descubrir una nueva especie de rana, para la ciencia. Abun no sólo conoce Shihuemoy, sino que además establecen una gran amistad. aHistoria infantil aArévalo, Carlos aKaufman, Emma